00639nam a2200169Ia 4500008004100000020001500041082001700056100002200073245010000095260003700195300001000232500002700242600001900269942000700288952015700295999001700452250611s9999 xx 000 0 und d a0911038205 a305.8924 GRI aGrimstad, Willaim 0aAntizion:ba Survey of Commentary on Organized Jewry by Leading Personalities Through the Ages  aTorrance:bNoontide Press,c1973 a200p. aincludes bibiliography aSocial Science cGB 00102ddc40708NFICaUITUbUITUcGIFd2025-06-10eGifted by Anonymousl0o305.8924 GRIpG325r2025-06-12 15:00:01w2025-06-12yGBzGifted by Anonymous c31487d31487